Czy jest w Polsce taka miejscowość? - Statystyki

Ogólne statystyki
  • Ten quiz został rozwiązany 6 982 razy
  • Średni wynik to 10 z 20
Statystyki odpowiedzi
Zagadnienie Odpowiedź % Poprawnych
Stara Wieś Tak
98%
Sosnowiec Tak
94%
Włochy Tak
73%
Krzcin Tak
68%
Klakier Nie
65%
Chójki Tak
64%
Klementowice Tak
63%
Lipce Reymontowskie Tak
60%
Bratysława Nie
57%
Rumunia Nie
51%
Kokoszczyn Tak
48%
Klocek Tak
42%
Lizbona Tak
38%
Muczyce Nie
37%
Szwederowo Nie
36%
Bożyczyn Nie
35%
Lubomir Nie
28%
Wielki Kamień Nie
22%
Poczwarki Nie
21%
Miętkowice Nie
17%
Nie znaleziono quizów pasujących do podanych kryteriów
Rozkład punktacji
Procent ludzi z każdym wynikiem
Percentyl według liczby udzielonych odpowiedzi
Twoja historia wyników
Nie rozwiązałeś tego quizu